| 000 | 00993nas a2200265Ia 4500 | ||
|---|---|---|---|
| 001 | A50/R101-17721 [r000016047] | ||
| 003 | IT-MiCISF | ||
| 008 | 161014c99999999xx |||||||||||| ||und|| | ||
| 040 |
_aIT-MiCISF _cIT-MiCISF |
||
| 041 | _aITALIANO | ||
| 100 | _aLevi Rosanna | ||
| 210 | _aRivista di teologia morale | ||
| 222 | _aRivista di teologia morale | ||
| 245 | 0 | _aSessualità-matrimonio-famiglia. Il documento del Sinodo tedesco-occidentale su "Matrimonio e famiglia vissuti cristianamente" | |
| 250 | _a1a ed. | ||
| 260 | _c1978 | ||
| 501 |
_bCISF - Centro Internazionale Studi Famiglia - Via Giotto, 36 20145 MILANO (non commercial uses only) _cCopyright 2016 |
||
| 300 | _app. 249-273 | ||
| 362 | _an. 38, aprile-giugno [1978] | ||
| 500 | _a Tema: pastorale-familiare, sessualità, preparazione-al-matrimonio, matrimonio-sacramento, pastorale-situazioni-difficili | ||
| 650 |
_amatrimonio _varticolo |
||
| 700 | _aAA.VV. | ||
| 942 | _cCR | ||
| 957 | _71 | ||
| 999 |
_a17721 _bSi _g1 _c239657 _d239657 |
||